| 000 | 01200cab a2200217 4500 | ||
|---|---|---|---|
| 001 | WB4019-12 | ||
| 008 | 040518n2004 000 0 eng u | ||
| 035 | _a(Sirsi) u126227 | ||
| 245 | _aNo sign of housing crash yet | ||
| 260 | _c2004 | ||
| 490 |
_aRICS Press Release _v(pr045) 17 May 2004 (2) |
||
| 520 | _aLatest 'RICS Housing market survey England and Wales', shows surveyors are confident that prices will continue to rise in the months ahead particularly in the north of England and Wales. In April, 35% more surveyors expect prices to rise than to fall over the next three months, compared to 38% in March. Property sales remain static for the three months to April, averaging 32% per chartered surveyor. For the RICS press release: http://www.rics.org/ricscms/bin/show?class=PressRe lease&template=/includes/showpr.html&id=1174 For the RICS Housing Market Survey: http://www.rics.org/downloads/market_survey/hms_ap r04.pdf | ||
| 590 | _aWB | ||
| 650 | _aHOUSING-MARKET | ||
| 650 | _aINTEREST RATE RISE | ||
| 650 | _aHOUSE SALES | ||
| 650 | _aHOUSE PRICES | ||
| 650 | _aABOUT RICS-RICS MEMBERS | ||
| 690 | _aPROPERTY-RESIDENTIAL PROPERTY-RESIDENTIAL PROPERTY MARKET | ||
| 942 | _n0 | ||
| 999 |
_c74403 _d74403 |
||